| 000 | 003380000a22001450004500 | ||
|---|---|---|---|
| 003 | MACL | ||
| 040 | _aMACL | ||
| 090 |
_c33307 _d33305 |
||
| 100 | _aNadhani, A K | ||
| 245 | _aBI Financial Management & Accounting System | ||
| 260 |
_bBPB Publications _c1997 |
||
| 350 | _a300 | ||
| 650 | _aGeneral Managment | ||
| 942 |
_cBOOK _k658.151/NAD |
||
| 999 |
_c32957 _d32957 |
||